000 00999cam a2200241 4500
002 ##5854
008 000000n2000 000 0 eng u
020 _a0117024937
035 _a(Sirsi) u106833
041 0 _aeng
050 0 4 _a692.8 $2 18
110 2 _aProperty Advisers to the Civil Estate
_93610
245 0 0 _aGC/Works/5
_bcommentary 2000
260 _aLondon
_bStationery Office
_c2000
300 _aiii, 50p.
_c30cm.
350 _a30
520 _aProvides guidance on GC/Works/5 General Conditions for the Appointment of Consultants 1998 (ISBN 0117023108) and GC/Works/5 General Conditions for the Apointment of Consultants: Framework Agreement 1999 (ISBN 0117023329).
650 2 4 _aGC/WORKS/5 GENERAL CONDITIONS FOR THE APPOINTMENT OF CONSULTANTS (1998 EDITION)
650 2 4 _aGC/WORKS/5 GENERAL CONDITIONS FOR THE APPOINTMENT OF CONSULTANTS FRAMEWORK AGREEMENT (1999 EDITION)
651 4 _aUnited Kingdom
_y
690 _aBUILT ENVIRONMENT-BUILDING CONTRACT FORMS
942 _n0
999 _c100629
_d100629